Poradcům chybí "tah na branku". která pojišťovna umí prodávat investiční životní pojištení?

Úroveň predaja investičného životného poistenia a kvalita poskytovaných služieb v ČR. Fiktívne nákupy (takzvané mystery shopping) a telefonické otázky (mystery calls) ako súčasť hodnotenia spoločností a ich pobočiek. Komunikačné schopnosti a profesionálna zručnosť poradcov. Rastúca náročnosť kliento...

Ausführliche Beschreibung

Gespeichert in:
Bibliographische Detailangaben
1. Verfasser: Snížek, Martin
Format: Buchkapitel
Sprache:Tschechisch
Schlagworte:
Tags: Tag hinzufügen
Keine Tags, Fügen Sie das erste Tag hinzu!

MARC

LEADER 00000naa$a2200000$$$4500
001 0112607
005 20231129093305.8
041 0 |a cze 
044 |a CZ 
245 1 0 |a Poradcům chybí "tah na branku".  |b která pojišťovna umí prodávat investiční životní pojištení?  |c Martin Snížek 
520 |a Úroveň predaja investičného životného poistenia a kvalita poskytovaných služieb v ČR. Fiktívne nákupy (takzvané mystery shopping) a telefonické otázky (mystery calls) ako súčasť hodnotenia spoločností a ich pobočiek. Komunikačné schopnosti a profesionálna zručnosť poradcov. Rastúca náročnosť klientov. 
610 2 0 |a Česko 
610 2 0 |a poisťovne 
610 2 0 |a poistenie životné investičné 
610 2 0 |a poradcovia finanční 
610 2 0 |a plnenie poistné 
610 2 0 |a zmluvy poistné 
610 2 0 |a klienti 
100 1 |a Snížek, Martin